Online
Catalog
Normal view MARC view

Entry Nombre personal

Number of records used in: 2

001 - NÚMERO DE CONTROL

  • campo de control: 86713

003 - IDENTIFICADOR DEL NÚMERO DE CONTROL

  • campo de control: DO-SdBNP

005 - FECHA Y HORA DE LA ÚLTIMA TRANSACCIÓN

  • campo de control: 20241017104840.0

008 - DATOS DE LONGITUD FIJA

  • campo de control de longitud fija: 241017|| aca||aabn | a|a d

040 ## - FUENTE DE LA CATALOGACIÓN

  • Centro catalogador/agencia de origen: DO-SdBNP
  • Centro/agencia transcriptor: DO-SdBNP

100 ## - ENCABEZAMIENTO-NOMBRE DE PERSONA

  • Nombre de persona: Luis XIV, Rey de Francia,
  • Fechas asociadas al nombre: 1638-1715

670 ## - FUENTE DE DATOS ENCONTRADOS

  • Cita de la fuente: Work cat.: (DO-SdBNP)57888: Manuscrito francés del año 1715 dirigido al ministro de Hacienda de Luis XV (encuaderno a las armas del referido ministro) Rouillé Du Coudray. Suplicado a su excelencia generalísimo don Rafael Leonadas Trujillo Molina, Presidente de la República Dominicana. Eb prueba de la respetuosa admiración y de la lealtad de su Cónsul Honorario en Caen (Francia) el Conde Hanot d'Hartoy.

Powered by Koha